Busiest Airports in the World in 2022 - Statistics

General Stats
  • This quiz has been taken 66 times
  • The average score is 15 of 20
Answer Stats
Passengers Answer % Correct
61.60 mil Heathrow, UK
100%
57.47 mil Charles de Gaulle, France
95%
65.92 mil Los Angeles, USA
92%
93.69 mil Hartsfield-Jackson Atlanta, USA
90%
68.34 mil O'Hare, USA
88%
50.33 mil Tokyo Haneda, Japan
87%
66.07 mil Dubai, UAE
85%
50.60 mil Miami, USA
83%
52.47 mil Amsterdam, Netherlands
80%
48.92 mil Frankfurt, Germany
78%
73.36 mil Dallas- Fort Worth, USA
77%
64.49 mil Istanbul, Turkey
77%
57.29 mil Indira Gandhi Delhi, India
75%
69.29 mil Denver, USA
73%
50.63 mil Adolfo Suarez Madrid, Spain
70%
50.18 mil Orlando, USA
53%
52.60 mil Harry Reid Las Vegas, USA
50%
47.70 mil Charlotte Douglas, USA
45%
46.20 mil Mexico City, Mexico
37%
55.29 mil John F. Kennedy, USA
35%
No matching quizzes found
Score Distribution
Percent of People with Each Score
Percentile by Number Answered
Your Score History
You have not taken this quiz